La bestia humana

Saved in:
Bibliografiske detaljer
Hovedforfatter: Zola, Emile (Author)
Format: Bog
Sprog:spansk
Udgivet: Génova Carlos Maucci 1900
Fag:
Tags: Tilføj Tag
Ingen Tags, Vær først til at tagge denne postø!

MARC

LEADER 00000nam a2200000 a 4500
001 UCQ4877
003 CL-VaPUC
008 980910e19000000IT |||||||||||||||||spa|d
082 0 4 |a 843  |b ZOL  |2 21 
100 0 |a Zola, Emile  |e author  |9 316220 
245 1 3 |a La bestia humana 
300 |a 271 p 
942 |c BK 
945 |d 19980910 00:00:00  |a crobeson 
260 |a Génova  |b Carlos Maucci  |c 1900 
650 0 |a Novela francesa  |9 264985 
650 0 |a Literatura francesa  |9 266330 
583 |a last modification  |c 19980910 00:00:00  |k Rodrigo Vera 
999 |c 275176  |d 275174 
952 |0 0  |1 0  |4 0  |6 843_000000000000000_ZOL_1900  |7 0  |8 P  |9 311733  |a BIBEDU  |b BIBEDU  |c BIBEDU_PB  |d 2019-11-20  |i 1466542  |o 843 ZOL 1900  |p 1466542  |r 2024-01-25  |w 2019-11-20  |y BK  |k LIT